Media bias /c Stuart A. Kallen, book editor.

Bibliographic Details
Other Authors: Kallen, Stuart A., 1955-
Format: Book
Language:English
Published: San Diego : Greenhaven Press, [2004]
Series:At issue (San Diego, Calif.)
Subjects:

MARC

Tag First Indicator Second Indicator Subfields
LEADER 00000pam a2200000 a 4500
001 in00002016992
005 20151031144553.0
008 040106s2004 cau b 001 0 eng
010 |a  2004040527 
020 |a 0737724102 (lib. : alk. paper) 
020 |a 0737724110 (pbk. : alk. paper) 
035 |a (OCoLC)ocm54024135 
037 |a 1233807  |b QBI 
040 |a DLC  |c DLC  |d C#P  |d VFY  |d QBX  |d TXA  |d UtOrBLW 
043 |a n-us--- 
049 |a TXAM 
050 0 0 |a PN4888.O25  |b M43 2004 
082 0 0 |a 302.23/0973  |2 22 
245 0 0 |a Media bias /c Stuart A. Kallen, book editor. 
264 1 |a San Diego :  |b Greenhaven Press,  |c [2004] 
264 4 |c ©2004 
300 |a 96 pages ;  |c 24 cm. 
336 |a text  |b txt  |2 rdacontent 
337 |a unmediated  |b n  |2 rdamedia 
338 |a volume  |b nc  |2 rdacarrier 
490 1 |a At issue 
504 |a Includes bibliographical references (pages 89-91) and index. 
505 0 |a The media have a liberal bias / Pat Buchanan -- Newspapers' labeling of politicians reveals a liberal bias / David W. Brady and Jonathan Ma -- The media are influenced by conservative interests / Janine Jackson, Peter Hart, and Rachel Coen -- The media are biased against conservative economic policies / Rich Noyes -- The corporate media threaten democracy / Robert W. McChesney and John Nichols -- Conservative talk show hosts poison political discourse / Eric Alterman -- Conservative talk radio serves a useful purpose / John LeBoutillier -- Case study of conservative bias: the America spectator's crusade against Bill Clinton / Charles Donefer -- The media suppressed the anti-Iraq war viewpoint / Steve Rendell and Tara Broughel -- ABC news was biased against the U.S. war in Iraq / Tim Graham -- Iraq war coverage was orchestrated by the White House / Danny Schechter -- The media are biased against gun rights advocates / John R. Lott Jr. -- Negative media bias benefits gun rights activists / Bernie DeGroat. 
650 0 |a Journalism  |x Objectivity  |z United States. 
650 0 |a Mass media  |x Objectivity  |z United States. 
700 1 |a Kallen, Stuart A.,  |d 1955- 
830 0 |a At issue (San Diego, Calif.) 
948 |a cataloged  |b h  |c 2005/2/17  |d c  |e jgreene  |f 10:21:12 am 
994 |a C0  |b TXA 
999 |a MARS 
999 f f |s 91384927-2dd3-3b8b-a265-e4adce74e3e4  |i 257c7f17-f62b-3df3-871a-13e11ff09946  |t 0 
952 f f |p ric  |a Texas A&M University  |b Rellis Campus  |c Joint Library Facility  |d Remote Storage  |t 0  |e PN4888.O25 M43 2004  |h Library of Congress classification  |i unmediated -- volume  |m A14832295400 
998 f f |a PN4888.O25 M43 2004  |t 0  |l Remote Storage